000 00547nam a2200193Ia 4500
003 GCL
008 140319s9999 xx 000 0 eng d
040 _aGCL /
_cGCL
082 0 4 _a624.171
_bS S
100 1 _aSYAI, I.C.
245 1 0 _aSTRUCTURAL MECHANICS ( DETERMINATE STRUCTURES ) /
_cSYAI, I.C.
700 1 _aKUKREJA, C.B.
700 1 _aKUMAR, ARUN
260 _a[S.N] :
_bSTANDARD PUBLISHERS DISTRIBUTORS
650 0 4 _aالتحليل الرياضى
650 0 4 _aCIVIL ENGINEERING
650 0 4 _aSTRUCTURAL ENGINEERING
942 _2ddc
_cBK
999 _c19776
_d19776